000 01302cam a22003617a 4500
003 CHAP
005 20220329142657.0
008 010926d2000 mx r 00110 spa d
010 _a86382
011 _a87354
020 _a9688056596
035 _a97897
040 _cCHAP
082 0 4 _a362.6303
_bC6
110 0 0 _aComisión Nacional de Derechos Humanos. México
_925764
245 1 0 _aDirectorio anotado de instituciones para menores en el Distrito Federal
_c/por Comisión Nacional de Derechos Humanos
260 _aMéxico, D.F. :
_bComisión Nacional de Derechos Humanos,
_c1991?
300 _a171 p.
410 0 0 _aComisión Nacional de Derechos Humanos
490 0 _aSerie folletos
_v; 1991/11
590 _aBATCH-UPD
_b10
_c20130110
_lUCH01
_h0656
590 _aBATCH-UPD
_b10
_c20130410
_lUCH01
_h0341
590 _aBATCH-UPD
_b10
_c20130914
_lUCH01
_h1144
590 _aCONVERSION
_b10
_c20130109
_lUCH01
_h1348
650 1 4 _aDerechos humanos
_zMéxico (D.F.).
_931928
650 1 4 _aInstituciones sociales
_xDirectorios.
_958981
810 0 0 _aComisión Nacional de Derechos Humanos
_925763
830 0 0 _aSerie folletos
_v; 1991/11
_9104878
901 _aBK
905 _aAlejandra Carrasco M.
942 _cLIBRO
949 _a362.6303 C6
_bBC
_cLIBRO
_d33724000848826
_eLIBRO
_h103150
_i97897
_sb
999 _c86382
_d86382